LIBRARY & INFORMATION CENTRE, KCAET, TAVANUR

ONLINE PUBLIC ACCESS CATALOGUE (OPAC)

Text book of electricity and magnetism (Record no. 284)

MARC details
000 -LEADER
fixed length control field 00461cam a2200193ua 4500
041 ## - LANGUAGE CODE
Language code of text/sound track or separate title eng
082 ## - DEWEY DECIMAL CLASSIFICATION NUMBER
Classification number 537
Item number RAM/TE
100 ## - MAIN ENTRY--AUTHOR NAME
Personal name Ramamoothy, S .
245 ## - TITLE STATEMENT
Title Text book of electricity and magnetism
250 ## - EDITION STATEMENT
Edition statement 3 /
260 ## - PUBLICATION, DISTRIBUTION, ETC. (IMPRINT)
Place of publication chennai :
Name of publisher The national publishing co ,
Year of publication 1964.
300 ## - PHYSICAL DESCRIPTION
Number of Pages 601 ; .
700 1# - ADDED ENTRY--PERSONAL NAME
Personal name Krishnaswami, S .
942 ## - ADDED ENTRY ELEMENTS (KOHA)
Koha item type Books
Holdings
Withdrawn status Lost status Damaged status Home library Current library Date acquired Full call number Accession Number Koha item type
Withdrawn     KAUAET KAUAET 07/04/2012 537 7727 Books
free website counter